1844 1653 1584 1333 1441 1065 1457 1375 1450 1860 1826 1007 1314 1935 1276 1434 1554 1748 1936 1640 1697 1868 1709 1458 1771 1826 1920 1117 1011 1931 1348 1407 1451 1038 1235 1763 1384 1086 1873 1250 1862 1239 1909 1016 1408 1208 1311 1658 1770 1147 1375 1937 1540 1851 1566 1056 1176 1209 1653 1005 1172 1818 1829 1244 1173 1603 1301 1307 1562 1254 1259 1556 1606 1521 1992 1319 1741 1647 1613 1169 1282 1334 1312 1425 1800 1002 1989 1495 1323 1853 1543 1478 1309 1855 1015 1709 1796 1883 1685 BCNSPRNW ULIB Ver.6.0+V

เปลี่ยนเป็นภาษาไทย

Change to English
 แสดงรายละเอียดบรรณานุกรม
  กลับหน้าหลัก

Brief Record : Get Marc (ISO 2709) : E-mail record : QR code < ปิดหน้าต่าง
LEADER : 00000nam 2200000uu 4500
001    13399127154
003     ULIB
008    191018s2562||||th 000 0 tha d
020 ^- ^a9786163660626
050 ^- ^aนว.^bข562น
100 0^ ^aขวัญใจ เอมใจ.
245 10 ^aนางฟ้าที่(แสน)รัก /^cขวัญใจ เอมใจ.
250 ^- ^aพิมพ์ครั้งที่ 1.
260 ^- ^aนนทบุรี :^bดวงตะวัน,^c2562
300 ^- ^a447 หน้า.
945    ^p350^l0^i006341
999    ^aประนอม เกษจรัล
รายการนี้ยังไม่มีแท็ก
คุณยังไม่ได้ล็อกอิน คุณสามารถมีกิจกรรมร่วมกับเว็บไซต์ได้ แต่ต้องล็อกอินก่อน ::
  ล็อกอิน

รายการสื่อสารสนเทศ

ลำดับที่ ประเภท เลขเรียก/บาร์โค้ด สถานที่ สถานะ
1. นวนิยาย
นวนิยาย
นว. ข562น ฉ.1 
  Barcode: 006341
ห้องสมุดวิทยาเขตนครสวรรค์
►นวนิยาย:l:Fiction
บนชั้น

รายการใกล้เคียง
    ผู้แต่ง [ขวัญใจ เอมใจ.]

BibComment


ยังไม่เคยถูกคอมเมนท์

คอมเมนท์ทรัพยากรรายการนี้
  คอมเมนท์: นางฟ้าที่แสนรัก ..


 Copyright 2026. Bcnsprnw @Library